000 005180000a22001090004500
100 1 _aJunca, Humberto
245 1 0 _aUna sombra ya pronto serás
300 _aVol.0, núm.19 (Abril, 2007), Páginas 32-33
520 _aAliento, humo, gases y todas esas presencias invisibles son los protagonistas de una exposición inolvidable. Un recorrido por el mundo de las fantasmagorías de algunos de los artistas contemporáneos más interesantes del momento.
773 0 _tArcadia / Andrés Felipe Solano, Editor
942 _cANA
999 _c62097
_d62097